Games of thrones - Maisons - Statistiques

Statistiques générales
  • Ce quiz a été pris 464 fois
  • Le résultat moyen est 10 sur 16
Statistiques - réponses
Par images Réponse % Correct
Stark
100%
Lannister
97%
Baratheon
96%
Targaryen
95%
Bolton
82%
Greyjoy
81%
Tully
73%
Martell
69%
Arryn
63%
Frey
60%
Hightower
50%
Tarly
31%
Velaryon
28%
Celtigar
10%
Manderly
10%
Redwyne
9%
Aucun quiz correspondant
Distribution des résultats
% des personnes avec chaque résultat
Percentile par nombre de réponses
Votre historique - résultats
Vous n’avez pas pris ce quiz